Cuadernos pedagógicos
| Coauteur: | |
|---|---|
| Formaat: | Boek |
| Taal: | Spaans |
| Gepubliceerd in: |
Medellín, Colombia :
Editorial Zuluaga,
2000
|
| Onderwerpen: |
MARC
| LEADER | 00000nam a2200000Ia 4500 | ||
|---|---|---|---|
| 008 | 180926b2000 c ||||| |||| 00| 0 spa d | ||
| 999 | |c 2554 |d 2554 | ||
| 090 | |a DOC # 58 | ||
| 110 | |a Universidad de Antioquía. Facultad de Educación |9 4335 | ||
| 245 | 1 | 0 | |a Cuadernos pedagógicos |
| 260 | |a Medellín, Colombia : |b Editorial Zuluaga, |c 2000 | ||
| 300 | |a 33 páginas | ||
| 500 | |a No. 4 (ago. 1998) | ||
| 650 | 1 | 4 | |a EDUCACIÓN |9 1 |
| 650 | 1 | 4 | |a PROYECTOS DE EDUCACION |9 152 |
| 651 | 1 | 4 | |a COLOMBIA |9 1349 |
| 942 | |i 00630 |h DOC # 58 |2 z |c 05 | ||
